| 000 | 00427nam a2200181 4500 | ||
|---|---|---|---|
| 001 | 17508 | ||
| 005 | 20230410143236.0 | ||
| 008 | 060907n2002 dr spa | ||
| 020 | _a9588177197 | ||
| 035 | _9funglode17644 | ||
| 041 | _aES | ||
| 050 | 1 | 4 | _a1mover1vanessa |
| 245 | 0 |
_aPanamá : _bfinanciero |
|
| 260 |
_aBogotá : _bDiseño, _c2002 |
||
| 300 | _a192 p. | ||
| 440 | _aEdiciones Gamma | ||
| 942 |
_2lcc _cbk |
||
| 999 |
_c97988 _d97988 |
||